000 00946cam a22002175a 4500
001 L137550
008 070413s2003 xxk f 000 0 eng d
020 _a095446690x
_a9780954466909
035 _a(Sirsi) u137550
041 0 _aeng
050 0 4 _a306.52 $2 18
110 2 _aHomebuilding and Renovating Magazine
_95221
245 0 4 _aGreat value self-build homes
260 _aBromsgrove
_bAscent Publishing Ltd
_c2003
300 _a160p.
_bill.
_c30cm.
350 _a14.95
520 _aContains details of 24 successful self-build home projects. Includes plans, photographs, and detailed interviews with the self-builders. Attention is paid to common problems which other self-builders may encounter. Several sections tackle tasks which the self-builder might tackle themselves, including bricklaying, electrical wiring, plastering and groundworks.
651 4 _aUnited Kingdom
_y
690 _aConstruction management
_96230
942 _n0
999 _c106820
_d106820